Manejo de Leptopharsa gibbicarina Froeschner, insecto inductor de la pestalotiopsis / (Registro nro. 6284)

Detalles MARC
000 -CABECERA
Campo de control 01265cam a2200325 a 4500
005 - FECHA Y HORA DE LA ULTIMA TRANSACCION
Campo de control 20150922092557.0
008 - ELEMENTOS DE LONGITUD FIJA—INFORMACION GENERAL
Campo de control 030527s2002 ck a r 00010 spa d
015 ## - NATIONAL BIBLIOGRAPHY NUMBER
National bibliography number ck-2002-xxxx
020 ## - ISBN
ISBN 9589716806
040 ## - FUENTE DE CATALOGACIÓN
Agencia catalogadora original la
Agencia transcriptora la
041 0# - IDIOMA
Código de idioma para texto/pista de sonido o título separado Español
082 04 - NUMERO DE CLASIFICACION DECIMAL DEWEY
Número de clasificación 571.9157
Número del ítem T68m
245 00 - MENCION DE TITULO
Título Manejo de Leptopharsa gibbicarina Froeschner, insecto inductor de la pestalotiopsis /
Mención de responsabilidad textos Jorge Aldana De La Torre, Rosa Aldana De La Torre y Hugo Calvache Guerrero.
250 ## - MENCION DE EDICION
Mención de edición Coordinacion editorial Patricia Bozzi Angel.
260 ## - PUBLICACION, DISTRIBUCION, ETC. (PIE DE IMPRENTA)
Lugar de publicación, distribución, etc. Bogota :
Nombre del editor, distribuidor, etc. Centro de Investigacion en Palma de Aceite,
Fecha de publicación, distribución, etc. 2002.
300 ## - DESCRIPCION FISICA
Extensión 38 p. :
Otros detalles físicos il. ;
Dimensiones 24 cm.
504 ## - NOTA DE BIBLIOGRAFIA, ETC.
Nota de bibliografía Incluye bibliografia.
650 #6 - ASIENTO SECUNDARIO DE MATERIA - TERMINO TEMATICO
Término temático o nombre geográfico como elemento de entrada Palma africana
Subdivisión general Enfermedades y plagas.
650 ## - ASIENTO SECUNDARIO DE MATERIA - TERMINO TEMATICO
Término temático o nombre geográfico como elemento de entrada Hormigas
Subdivisión general Habitos y conducta.
650 ## - ASIENTO SECUNDARIO DE MATERIA - TERMINO TEMATICO
Término temático o nombre geográfico como elemento de entrada Insectos utiles y perjudiciales.
650 #6 - ASIENTO SECUNDARIO DE MATERIA - TERMINO TEMATICO
Término temático o nombre geográfico como elemento de entrada Plagas agricolas
Subdivisión general Control biologico.
650 #6 - ASIENTO SECUNDARIO DE MATERIA - TERMINO TEMATICO
Término temático o nombre geográfico como elemento de entrada Pestalotiopsis.
650 #6 - ASIENTO SECUNDARIO DE MATERIA - TERMINO TEMATICO
Término temático o nombre geográfico como elemento de entrada Chinches
Subdivisión general Control.
700 1# - ASIENTO SECUNDARIO - NOMBRE PERSONAL
Nombre personal Aldana De La Torre, Jorge,
Término de relación Texto.
700 1# - ASIENTO SECUNDARIO - NOMBRE PERSONAL
Nombre personal Aldana De La Torre, Rosa,
Término de relación Texto.
700 1# - ASIENTO SECUNDARIO - NOMBRE PERSONAL
Nombre personal Calvache Guerrero, Hugo,
Término de relación texto.
700 1# - ASIENTO SECUNDARIO - NOMBRE PERSONAL
Nombre personal Bozzi Angel, Patricia,
Término de relación ed.
942 ## - ELEMENTOS ADICIONALES (KOHA)
Sistema de clasificación Dewey Decimal Classification
Tipo de ítem Libro
949 ## - LOCAL PROCESSING INFORMATION (OCLC)
a c
b c
Existencias
Withdrawn status Lost status Sistema de Clasificación Damaged status No para préstamo Colección Inventariado Ubicación Permanente Ubicación actual Fecha de adquisición Fuente de Valor Valor Total Checkouts Número topográfico Inventario / Código de Barras Date last seen Ejemplar Price effective from Forma de adquisición Tipo de material
    Dewey Decimal Classification     General Inventariado 2017 Bogotá Bogotá 19/05/2008 Instituto 15000.00   LB-571.9157 T68m 025997 04/12/2012 Ej.1 04/12/2012   Libro